LEADER 01103nam a2200265 i 4500 001 000000149015 003 CaOOAMICUS 005 20090415000000.0 008 090415s2008 it u000 u ita u 013 $a126333 020 $a978-88-343-1668-9 040 $aSeMil$bita 245 14$aGli edifici di culto tra Stato e confessioni religiose /$ca cura di Daniele Persano. 260 $aMilano :$bV&P,$c2008. 300 $aXIV, 320 p. ;$c22 cm. 490 0 $aV&P Università. Diritto. Ricerche 650 4$aEdifici di culto.$0(OLS)http://semarc/subject/665 700 1 $aPersano, Daniele.$0(OLS)http://semarc/name/58889 830 0$aUniversità. Diritto. Ricerche [V&P].$0(OLS)http://semarc/title/10086 850 $aSeMil 852 $aSeMil$W1$xVenegono$y1$m2H III 68$j101328$B101328$CSeMilBibl$Z2$F110100 $81 961 $aOmaggio: Delpini mons. Mario 996 $6020$a978-88-343-1668-9$9(OLS)http://semarc/number/138033 996 $6245$aGli edifici di culto tra Stato e confessioni religiose$9(OLS)http://semarc/title/217823 996 $6260$aMilano :$bV&P$9(OLS)http://semarc/publisher/32040 LEADER 01506nam a2200313 i 4500 001 000000164609 003 CaOOAMICUS 005 20070919000000.0 008 070919s2001 it u000 u mul u 013 $a141977 020 $a88-86509-48-0 040 $aSeMil$bita 100 1 $aBenini, Alberto.$0(OLS)http://semarc/name/52120 245 10$aEmozioni :$bMontagne Lecchesi = The Wonderful Mountains of Lecco /$cFotografie [di] Mauro Lanfranchi ; Testi [di] Alberto Benini ; Presentazione [di] Roberto Formigoni ; Con una testimonianza di Riccardo Cassin. 246 01$aThe Wonderful Mountains of Lecco 260 $aOggiono (LC) :$bCattaneo,$cCopyr. 2001. 300 $a237 p. :$briccamente ill. ;$c35x25 cm. 500 $aDono del Card. Dionigi Tettamanzi. 700 1 $aCassin, Riccardo <1909-2009>.$0(OLS)http://semarc/name/52006 700 1 $aFormigoni, Roberto.$0(OLS)http://semarc/name/42168 700 1 $aLanfranchi, Mauro,$d<1952- >.$0(OLS)http://semarc/name/28564 850 $aSeMil 852 $aSeMil$W1$xVenegono$y1$m4Y VIII 39$j115842$B115842$CSeMilBibl$Z2$F128539 $81 941 1 $a5 961 $aOmaggio: Tettamanzi Card. Dionigi 996 $6020$a88-86509-48-0$9(OLS)http://semarc/number/150882 996 $6245$aEmozioni :$bMontagne Lecchesi = The Wonderful Mountains of Lecco$9(OLS)http://semarc/title/234857 996 $6246$aThe Wonderful Mountains of Lecco$9(OLS)http://semarc/title/234858 996 $6260$aOggiono (LC) :$bCattaneo$9(OLS)http://semarc/publisher/33326 LEADER 02457nam a2200505 i 4500 001 000000173931 003 CaOOAMICUS 005 20251217102605.0 008 080805s2008 it u000 u ita u 013 $a151385 020 $a978-88-8227-260-9 040 $aSeMil$bita 100 1 $aGitton, Michel.$0(OLS)http://semarc/name/64963 245 10$aIniziazione alla liturgia romana /$cMichel Gitton ; prefazione di Joseph Ratzinger ; postfazione di Enzo Bianchi. 260 $aMagnano :$bQiqajon,$c2008. 300 $a148 p. ;$c21 cm. 490 0 $aLiturgia e vita 500 $aOmaggio del Card. Dionigi Tettamanzi. 650 4$aLiturgia romana.$0(OLS)http://semarc/subject/2593 700 1 $aBianchi, Enzo,$d<1943- >.$0(OLS)http://semarc/name/367 700 0 $aBenedictus XVI,$c.$0(OLS)http://semarc/name/298 774 0 $aMolin, Jean-Baptiste$tOrdo Missae".$w()306089 774 0 $aNeunheuser, Burkhard $tOrazioni.$w()306090 774 0 $aRose, André$tReforme du lectionnaire après Vatican 2.$w()306091 774 0 $aGy, Pierre Marie $tPrières eucharistiques du missel romain.$w()306092 774 0 $aDell'Oro, Ferdinando $tPer un "Ordo ferialis Missae".$w()306093 774 0 $aValenziano, Crispino <1932- >$tProblemi linguistici delle orazioni.$w()306094 774 0 $aNocent, Adrien $tSecondes lectures des dimanches "Per annum".$w()306095 774 0 $aGelineau, Joseph $tPrière eucharistique comme action de l'assemblée.$w()306096 774 0 $aClerck, Paul : de <1939- >$tApport des dons.$w()306097 774 0 $aGiraudo, Cesare $tDoppia epiclesi delle preghiere eucaristiche.$w()306098 774 0 $aMazza, Enrico <1940- >$tRiforma liturgica.$w()306099 830 0$aLiturgia e vita.$0(OLS)http://semarc/title/424526 850 $aSeMil 852 $aSeMil$W1$xVenegono$y1$m3K III 41$j243532$B124776$CSeMilBibl$Z2$F136209 $81 900 1 $aRatzinger, Joseph,$d<1927-2022>. 900 0 $aBenedetto XVI$c. 941 1 $a5 961 $aOmaggio: Tettamanzi Card. Dionigi 996 $6020$a978-88-8227-260-9$9(OLS)http://semarc/number/161708 996 $6245$aIniziazione alla liturgia romana$9(OLS)http://semarc/title/249248 996 $6260$aMagnano :$bQiqajon$9(OLS)http://semarc/publisher/32326 LEADER 00752nam a2200205 i 4500 001 000000192633 003 CaOOAMICUS 005 20150714000000.0 008 150714s1923 it u000 u ita u 013 $a171257 040 $aSeMil$bita 245 10$aQuaresima 1888 :$bla vita futura. 300 $a246 p. 500 $aFondo card. Giovanni Colombo. 773 0 $aMonsabré, Jacques Marie Louis <1827-1907>$tEsposizione del dogma cattolico.$bEd. stereotipa.$dTorino ; Roma : Marietti, [192-?]$w()32210 850 $aSeMil 852 $aSeMil$W1$xVenegono$y1$m3GC I 397$j143208$B143208$CSeMilBibl$Z2$F154633 $8B 941 1 $a3 961 $aLascito: Colombo Card. Giovanni 996 $6245$aQuaresima 1888 :$bla vita futura$9(OLS)http://semarc/title/277671 LEADER 01528nam a2200325 i 4500 001 000000196632 003 CaOOAMICUS 005 20230314110532.0 008 110127s2009 it u000 u ita u 020 $a978-88-04-58346-2 040 $aSeMil$bita 245 02$aI detti islamici di Gesù /$ca cura di Sabino Chialà ; traduzione di Ignazio De Francesco. 264 1$a[Milano] :$bFondazione Lorenzo Valla :$bArnoldo Mondadori,$c2009. 300 $aLIX, 444 p. ;$c21 cm. 490 1 $aScrittori greci e latini 541 1 $aOmaggio card. Dionigi Tettamanzi (1ZA A 68) 650 4$aGesù Cristo - Concezione islamica.$0(OLS)http://semarc/subject/7464 650 4$aGesù Cristo - Agrapha - Fonti arabe.$0(OLS)http://semarc/subject/36904 650 4$aGesù Cristo - Concezione islamica - Testi.$0(OLS)http://semarc/subject/36905 700 1 $aDe Francesco, Ignazio.$0(OLS)http://semarc/name/48524 700 1 $aChialà, Sabino,$d<1968- >.$0(OLS)http://semarc/name/32571 830 0$aScrittori greci e latini.$0(OLS)http://semarc/title/137 850 $aSeMil 852 $aSeMil$W1$xVenegono$y1$m1ZA A 68$j238463$B147195$CSeMilBibl$Z2$F158757 $81 941 1 $a5 961 $aOmaggio: Tettamanzi Card. Dionigi 996 $6020$a978-88-04-58346-2$9(OLS)http://semarc/number/188579 996 $6245$aI detti islamici di Gesù$9(OLS)http://semarc/title/283922 996 $6264$a[Milano] :$bFondazione Lorenzo Valla :$bArnoldo Mondadori$9(OLS)http://semarc/publisher/30147 LEADER 01216nam a2200277 i 4500 001 000000202304 003 CaOOAMICUS 005 20110519000000.0 008 110519s2007 it u000 u ita u 013 $a181012 020 $a978-88-420-8265-1 040 $aSeMil$bita 100 1 $aFerretti, Francesco,$d<1961- >.$0(OLS)http://semarc/name/47840 245 10$aPerchè non siamo speciali :$bmente, linguaggio e natura umana /$cFrancesco Ferretti. 260 $aBari :$bLaterza,$c2007. 300 $aXI, 199 p. ;$c21 cm. 490 0 $aBiblioteca di cultura moderna ;$v1190 650 4$aLinguaggio - Filosofia.$0(OLS)http://semarc/subject/1247 650 4$aFilosofia del linguaggio.$0(OLS)http://semarc/subject/3184 830 0$aBiblioteca di cultura moderna ;$v1190.$0(OLS)http://semarc/title/639 850 $aSeMil 852 $aSeMil$W1$xVenegono$y1$m2P III 699$j152827$B152827$CSeMilBibl$Z2$F164939 $81 961 $aOmaggio: Poma mons. Gianfranco 996 $6020$a978-88-420-8265-1$9(OLS)http://semarc/number/195208 996 $6245$aPerchè non siamo speciali :$bmente, linguaggio e natura umana$9(OLS)http://semarc/title/292852 996 $6260$aBari :$bLaterza$9(OLS)http://semarc/publisher/29858